| 000 | 00451nam a2200157Ia 4500 | ||
|---|---|---|---|
| 003 | IQ-KOUCL | ||
| 041 | _aArabic | ||
| 082 | _a801,068 cut-284 ش | ||
| 100 | _a20260118u\\\\\\\\\\\y0engy0103\\\\ba | ||
| 100 | _aا.د.نزار شكور شاكر | ||
| 245 | 0 | _aالرسائل الشعرية في المشرق | |
| 250 | _aط1 | ||
| 260 |
_bدار امجد للنشر والتوزيع _aعمان-الاردن _c2023 |
||
| 300 | _a165 | ||
| 942 | _cBk | ||
| 999 |
_c187344 _d187344 |
||